USA vs the World in Movies Quiz Stats

Quiz Updated Dec 4, 2015

Challenge
Share
Tweet
Score 0/20 Timer 07:00
4 Plays Today
% Correct
The Girl With The Dragon Tattoo / Män som hatar kvinnor
91.8%
The Ring / Ringu
81.7%
Three Men And A Baby / Trois hommes et un couffin (Three Men And A Cradle)
76.3%
The Departed / Mou gaan dou (Infernal Affairs)
70.7%
The Magnificent Seven / Shichinin no samurai (The Seven Samurai)
61.9%
True Lies / La Totale!
58%
Twelve Monkeys / La Jetée
57.4%
The Birdcage / La Cage aux Folles
57.3%
Scent Of A Woman / Profumo di donna
51.3%
Vanilla Sky / Abre Los Ojos (Open Your Eyes)
51%
% Correct
The Tourist / Anthony Zimmer
50.5%
Dinner For Schmucks / Le dîner de cons (The Dinner Game)
42.2%
The Ladykillers / The Ladykillers
41.5%
The Lake House / Siworae (il mare)
39.5%
Victor Victoria / Viktor und Viktoria
39.1%
Insomnia / Insomnia
34.8%
Let Me In / Låt den rätte komma in (Let The Right One In)
34.3%
City Of Angels / Der Himmel über Berlin (Wings Of Desire)
33%
Solaris / Solyaris (Solaris)
18.6%
Hachi: A Dog's Tale / Hachikô monogatari
16.4%

You're not logged in!

Compare scores with friends on all Sporcle quizzes.
Join for Free
OR
Log In

You Might Also Like...

Show Comments

Extras

Top Quizzes Today


Score Distribution

Your Account Isn't Verified!

In order to create a playlist on Sporcle, you need to verify the email address you used during registration. Go to your Sporcle Settings to finish the process.

Report this User

Report this user for behavior that violates our Community Guidelines.

Details: